[Event "Stay Safe Play From Home 141"]
[Site "T#645952Emanuel Laske"]
[Date "2020.05.11"]
[Round "7"]
[White "Chase the sun"]
[Black "Lucknow"]
[Result "1-0"]
[WhiteElo "1881"]
[BlackElo "1834"]
[Annotator "NA"]
[PlyCount "47"]
[EventDate "2020.05.11"]
[EventType "swiss (blitz)"]

1. e4 {[%emt 0:00:10]} c5 {[%emt 0:00:01]} 2. Nc3 {[%emt 0:00:14]} d6 {[%emt 0:00:01]} 3. f4 {[%emt 0:00:01]} e6 {[%emt 0:00:02]} 4. Nf3 {[%emt 0:00:01]} Nf6 {[%emt 0:00:03]} 5. Bc4 {[%emt 0:00:01]} Be7 {[%emt 0:00:01]} 6. Bb3 {[%emt 0:00:01]} Nc6 {[%emt 0:00:01]} 7. d3 {[%emt 0:00:00]} Rb8 {[%emt 0:00:03]} 8. a4 {[%emt 0:00:04]} a6 {[%emt 0:00:01]} 9. O-O {[%emt 0:00:01]} b5 {[%emt 0:00:01]} 10. axb5 {[%emt 0:00:01]} axb5 {[%emt 0:00:00]} 11. Qe1 {[%emt 0:00:01]} Nd4 {[%emt 0:00:03]} 12. Nxd4 {[%emt 0:00:03]} cxd4 {[%emt 0:00:02]} 13. Ne2 {[%emt 0:00:00]} Qb6 {[%emt 0:00:04]} 14. Ng3 {[%emt 0:00:12]} e5 {[%emt 0:00:08]} 15. fxe5 {[%emt 0:00:17]} dxe5 {[%emt 0:00:01]} 16. Nf5 {[%emt 0:00:02]} Bxf5 {[%emt 0:00:02]} 17. Rxf5 {[%emt 0:00:00]} O-O {[%emt 0:00:10]} 18. Bd2 {[%emt 0:00:01]} Ra8 {[%emt 0:00:03]} 19. Rxa8 {[%emt 0:00:06]} Rxa8 {[%emt 0:00:01]} 20. h3 {[%emt 0:00:02]} Qd6 {[%emt 0:00:23]} 21. g4 {[%emt 0:00:12]} Rf8 {[%emt 0:00:17]} 22. Qf2 {[%emt 0:00:12]} g6 {[%emt 0:00:29]} 23. Rf3 {[%emt 0:00:06]} Nd7 {[%emt 0:00:16]} 24. Bh6 {[%emt 0:00:16] Lucknow gibt auf (Lag: Av=0.36s, max=0.7s)} 1-0

[Event "Stay Safe Play From Home 141"]
[Site "T#645952Emanuel Laske"]
[Date "2020.05.11"]
[Round "7"]
[White "Patzeroglu"]
[Black "Indianquant"]
[Result "0-1"]
[WhiteElo "1799"]
[BlackElo "2238"]
[Annotator "TA"]
[PlyCount "12"]
[EventDate "2020.05.11"]
[EventType "swiss (blitz)"]

{[%evp 9,12,-250,-200,-206,-223]} 1. f3 d5 2. c3 g6 ({Predecessor:} 2... Nf6 3. Qa4+ Bd7 4. Qh4 c5 5. d3 Nc6 6. Kd1 e5 7. Qe1 Bd6 8. Nd2 O-O 9. e4 Re8 {½-½ (40) Mikhailovsky,V (2209)-Masrahi,A (1956) Moscow 2019}) 3. Kf2 Bg7 4. Ke3 c5 5. Kd3 Bf5+ 6. Ke3 {A00: Irregular Openings.} Nc6 0-1

[Event "Stay Safe Play From Home 141"]
[Site "T#645952Emanuel Laske"]
[Date "2020.05.11"]
[Round "7"]
[White "Edmatuag"]
[Black "Lazieri3"]
[Result "0-1"]
[WhiteElo "1753"]
[BlackElo "2108"]
[PlyCount "104"]
[EventDate "2020.05.11"]
[EventType "swiss (blitz)"]

1. e4 {[%emt 0:00:01]} c6 {[%emt 0:00:13]} 2. d4 {[%emt 0:00:02]} d5 {[%emt 0:00:00]} 3. e5 {[%emt 0:00:01]} Bf5 {[%emt 0:00:01]} 4. g4 {[%emt 0:00:01]} Bd7 {[%emt 0:00:02]} 5. Be2 {[%emt 0:00:12]} e6 {[%emt 0:00:01]} 6. Bf4 {[%emt 0:00:02]} c5 {[%emt 0:00:03]} 7. c3 {[%emt 0:00:02]} Nc6 {[%emt 0:00:01]} 8. Qd2 {[%emt 0:00:01]} cxd4 {[%emt 0:00:01]} 9. cxd4 {[%emt 0:00:01]} Bb4 {[%emt 0:00:01]} 10. Nc3 {[%emt 0:00:01]} Qa5 {[%emt 0:00:01]} 11. Be3 {[%emt 0:00:17]} Rc8 {[%emt 0:00:05]} 12. Bd3 {[%emt 0:00:05]} Nce7 {[%emt 0:00:12]} 13. Nge2 {[%emt 0:00:02]} h5 {[%emt 0:00:03]} 14. gxh5 {[%emt 0:00:07]} Rxh5 {[%emt 0:00:05]} 15. O-O {[%emt 0:00:02]} Nf5 {[%emt 0:00:07]} 16. Bxf5 {[%emt 0:00:02]} Rxf5 {[%emt 0:00:02]} 17. a3 {[%emt 0:00:07]} Bxc3 {[%emt 0:00:04]} 18. Nxc3 {[%emt 0:00:03]} Qd8 {[%emt 0:00:13]} 19. Kh1 {[%emt 0:00:07]} Qh4 {[%emt 0:00:04]} 20. f3 {[%emt 0:00:14]} Rh5 {[%emt 0:00:12]} 21. Qg2 {[%emt 0:00:08]} f6 {[%emt 0:00:06]} 22. Rf2 {[%emt 0:00:10]} g5 {[%emt 0:00:18]} 23. Qg4 {[%emt 0:00:11]} fxe5 {[%emt 0:00:07]} 24. dxe5 {[%emt 0:00:06]} Nh6 {[%emt 0:00:20]} 25. Qxh4 {[%emt 0:00:02]} gxh4 {[%emt 0:00:03]} 26. Bxh6 {[%emt 0:00:03]} Rxh6 {[%emt 0:00:02]} 27. Rg1 {[%emt 0:00:01]} Kf7 {[%emt 0:00:12]} 28. Rfg2 {[%emt 0:00:03]} Rh7 {[%emt 0:00:01]} 29. h3 {[%emt 0:00:03]} a5 {[%emt 0:00:08]} 30. Rg6 {[%emt 0:00:02]} b5 {[%emt 0:00:01]} 31. Rf6+ {[%emt 0:00:01]} Ke7 {[%emt 0:00:01]} 32. Ne2 {[%emt 0:00:04]} b4 {[%emt 0:00:00]} 33. axb4 {[%emt 0:00:02]} d4 {[%emt 0:00:00]} 34. Nxd4 {[%emt 0:00:01]} axb4 {[%emt 0:00:00]} 35. b3 {[%emt 0:00:01]} Rc3 {[%emt 0:00:01]} 36. Kg2 {[%emt 0:00:03]} Rd3 {[%emt 0:00:01]} 37. Ne2 {[%emt 0:00:02]} Rg7+ {[%emt 0:00:00]} 38. Kf2 {[%emt 0:00:01]} Rxg1 {[%emt 0:00:00]} 39. Nxg1 {[%emt 0:00:01]} Bc6 {[%emt 0:00:00]} 40. Ne2 {[%emt 0:00:03]} Rxb3 {[%emt 0:00:00]} 41. Rf4 {[%emt 0:00:02]} Rb2 {[%emt 0:00:01]} 42. Rxh4 {[%emt 0:00:02]} Bb5 {[%emt 0:00:00]} 43. Re4 {[%emt 0:00:02]} Bxe2 {[%emt 0:00:00]} 44. Rxe2 {[%emt 0:00:01]} Rb1 {[%emt 0:00:00]} 45. Ke3 {[%emt 0:00:02]} b3 {[%emt 0:00:00]} 46. Kd2 {[%emt 0:00:02]} b2 {[%emt 0:00:00]} 47. Kc2 {[%emt 0:00:02]} Rf1 {[%emt 0:00:00]} 48. Kxb2 {[%emt 0:00:01]} Rxf3 {[%emt 0:00:00]} 49. Rh2 {[%emt 0:00:01]} Re3 {[%emt 0:00:00]} 50. h4 {[%emt 0:00:01]} Rxe5 {[%emt 0:00:00]} 51. Kc3 {[%emt 0:00:01]} Kf7 {[%emt 0:00:00]} 52. Kd4 {[%emt 0:00:01]} Rf5 {[%emt 0:00:00] Time (Lag: Av=0.79s, max=1.6s)} 0-1

[Event "Stay Safe Play From Home 141"]
[Site "T#645952Emanuel Laske"]
[Date "2020.05.11"]
[Round "8"]
[White "Indianquant"]
[Black "Chase the sun"]
[Result "1-0"]
[WhiteElo "2240"]
[BlackElo "1896"]
[Annotator "RC"]
[PlyCount "67"]
[EventDate "2020.05.11"]
[EventType "swiss (blitz)"]

1. Nf3 {[%emt 0:00:01]} e6 {[%emt 0:00:01]} 2. c4 {[%emt 0:00:07]} f5 {[%emt 0:00:01]} 3. d4 {[%emt 0:00:02]} Nf6 {[%emt 0:00:01]} 4. Qc2 {[%emt 0:00:00]} d6 {[%emt 0:00:04]} 5. Nc3 {[%emt 0:00:02]} Be7 {[%emt 0:00:01]} 6. Bf4 {[%emt 0:00:01]} O-O {[%emt 0:00:02]} 7. e3 {[%emt 0:00:01]} Qe8 {[%emt 0:00:01]} 8. Bd3 {[%emt 0:00:05]} Nc6 {[%emt 0:00:02]} 9. a3 {[%emt 0:00:03]} Bd8 {[%emt 0:00:02]} 10. d5 {[%emt 0:00:01]} e5 {[%emt 0:00:05]} 11. dxc6 {[%emt 0:00:44]} exf4 {[%emt 0:00:02]} 12. cxb7 {[%emt 0:00:06]} Bxb7 {[%emt 0:00:01]} 13. Bxf5 {[%emt 0:00:01]} Bxf3 {[%emt 0:00:19]} 14. gxf3 {[%emt 0:00:02]} fxe3 {[%emt 0:00:00]} 15. O-O-O {[%emt 0:00:04]} exf2 {[%emt 0:00:11]} 16. Qxf2 {[%emt 0:00:01]} Nh5 {[%emt 0:00:20]} 17. Be4 {[%emt 0:00:06]} Rb8 {[%emt 0:00:05]} 18. Rhg1 {[%emt 0:00:02]} Bf6 {[%emt 0:00:09]} 19. Qc2 {[%emt 0:00:05]} Bxc3 {[%emt 0:00:11]} 20. Qxc3 {[%emt 0:00:00]} Qe5 {[%emt 0:00:23]} 21. Qxe5 {[%emt 0:00:02]} dxe5 {[%emt 0:00:04]} 22. Rd7 {[%emt 0:00:11]} g6 {[%emt 0:00:02]} 23. Rxc7 {[%emt 0:00:20]} Nf4 {[%emt 0:00:04]} 24. Kc2 {[%emt 0:00:02]} Ne2 {[%emt 0:00:10]} 25. Rd1 {[%emt 0:00:04]} Nd4+ {[%emt 0:00:03]} 26. Rxd4 {[%emt 0:00:01]} exd4 {[%emt 0:00:01]} 27. b4 {[%emt 0:00:00]} Rbc8 {[%emt 0:00:09]} 28. Rxc8 {[%emt 0:00:05]} Rxc8 {[%emt 0:00:00]} 29. Kd3 {[%emt 0:00:00]} Kf7 {[%emt 0:00:06]} 30. Bd5+ {[%emt 0:00:01]} Kf6 {[%emt 0:00:01]} 31. Kxd4 {[%emt 0:00:01]} h5 {[%emt 0:00:02]} 32. c5 {[%emt 0:00:02]} g5 {[%emt 0:00:01]} 33. b5 {[%emt 0:00:01]} g4 {[%emt 0:00:01]} 34. c6 {[%emt 0:00:04] Chase the sun gibt auf (Lag: Av=0.78s, max=2.8s)} 1-0

[Event "Stay Safe Play From Home 141"]
[Site "T#645952Emanuel Laske"]
[Date "2020.05.11"]
[Round "8"]
[White "Lamborghini"]
[Black "Schachidiot"]
[Result "1-0"]
[WhiteElo "2225"]
[BlackElo "1933"]
[Annotator "TA"]
[PlyCount "51"]
[EventDate "2020.05.11"]
[EventType "swiss (blitz)"]

{[%evp 12,51,38,14,14,14,50,50,54,47,146,126,131,119,122,97,104,121,82,77,80,70,133,103,131,92,221,198,495,522,504,477,695,701,29987,29988,29988,29989,29997,29998,29998,29999]} 1. e4 d6 2. d4 Nf6 3. Nc3 g6 4. Be3 c6 5. f3 b5 6. Qd2 Nbd7 7. h4 h5 {was the old line (7...Nb6). B07: Pirc Defence: Miscellaneous Systems.} 8. Nh3 {[#]} Rb8 $146 ({Predecessor:} 8... Bb7 9. Ng5 Bg7 10. f4 e5 11. O-O-O Qe7 12. dxe5 dxe5 13. f5 Ng4 14. fxg6 fxg6 15. Nxb5 cxb5 16. Bxb5 {1-0 (29) Ponkratov,P (2595)-Rozum,I (2535) Kazan 2014}) 9. Ng5 Nb6 {White is slightly better.} 10. b3 d5 (10... Bg7 $14) 11. e5 $16 Nh7 12. Nxh7 Rxh7 13. Bd3 Bf5 14. Bxf5 gxf5 15. e6 fxe6 16. Ne2 {[%cal Bc3e2,Be2f4,Bf4d3,Bd3c5][%mdl 32]} Kd7 (16... e5 $14) 17. Nf4 {[%mdl 1024] White has strong compensation.} Bg7 18. O-O-O a5 {Loses the game.} (18... e5 $16 {was worth a try.}) 19. Rhe1 $18 ({But not} 19. Qxa5 $6 Ra8 $16) 19... Bh6 $2 {[#]} (19... e5 {was necessary.}) 20. Nd3 Bxe3 21. Rxe3 Qf8 (21... Kc8 $142 22. Rxe6 Nd7) 22. Nc5+ Kd6 23. Rxe6+ {White mates.} Kc7 24. Qf4+ Kc8 25. Rxc6+ Kd8 26. Qxb8+ {[%mdl 64] Double Attack. Accuracy: White = 83%, Black = 29%.} 1-0

[Event "Stay Safe Play From Home 141"]
[Site "T#645952Emanuel Laske"]
[Date "2020.05.11"]
[Round "8"]
[White "Little champs"]
[Black "Timbre"]
[Result "1-0"]
[WhiteElo "2204"]
[BlackElo "1585"]
[Annotator "TA"]
[PlyCount "91"]
[EventDate "2020.05.11"]
[EventType "swiss (blitz)"]

{[%evp 9,91,-26,-8,-41,-29,-82,-70,-91,-82,-155,-54,-66,-60,-60,38,-56,-49,-160,-37,-49,97,77,75,-4,-2,-93,-71,-96,14,-14,29,-23,-3,-32,0,0,67,75,67,58,122,77,102,0,0,0,0,0,91,86,83,82,158,141,130,32,129,10,231,227,410,402,379,248,475,308,296,291,588,588,839,839,877,843,683,621,673,589,29980,29981,29991,29992,29995,29996]} 1. d4 d5 2. e3 c6 3. g3 Nf6 4. Bg2 Bf5 {[#]} 5. h3 $146 ({Predecessor:} 5. Ne2 e6 6. O-O Be7 7. b3 O-O 8. Bb2 c5 9. Nd2 cxd4 10. Nxd4 Bg6 11. c4 Nc6 12. cxd5 Nxd4 13. d6 Qxd6 14. Bxd4 Rab8 15. Nc4 Qc7 16. Be5 {1-0 (16) Schell,A (1542)-Fliegner,T (1425) Playchess.com INT 2020}) 5... e6 6. g4 {D00: 1 d4 d5: Unusual lines.} Bg6 7. f3 (7. Ne2 $11 {remains equal.}) 7... h6 8. h4 {Black is slightly better.} Bd6 9. c4 (9. Ne2 $142) 9... Bg3+ (9... dxc4 $17 10. e4 c5) 10. Kf1 $15 Bc7 11. Nc3 Qd6 (11... dxc4 $15 12. e4 c5) 12. f4 (12. Qb3 $14 b6 13. cxd5 exd5 14. Nce2) 12... dxc4 13. Nf3 (13. e4 $15) 13... Nd5 (13... Nxg4 $17 14. h5 Bh7) 14. Ne5 Nxc3 (14... Bh7 $15) 15. bxc3 $16 Nd7 {[%cal Rd7e5]} 16. Nxg6 (16. Nxc4 $16 Qf8 17. Ba3) 16... fxg6 $11 17. Be4 (17. Qc2 $11) 17... O-O-O 18. Bxg6 Nf6 (18... e5 $17 19. h5 exf4 20. exf4 c5) 19. Qe2 Qd5 20. Rg1 (20. Rh3 $142) 20... Rhf8 21. e4 $1 {[%cal Re4d5]} Qd7 (21... Qa5 $5 {[%cal Ra5c3]} 22. Qxc4 Bxf4 $14) 22. Ba3 ({Of course not} 22. Qxc4 Bxf4 23. Ke2 (23. Bxf4 Nxe4 {[%mdl 64] Discovered Attack} 24. Kg2 Rxf4 $17) 23... Bxc1 $17) 22... Bxf4 (22... Nd5 $11 23. exd5 Rxf4+ 24. Ke1 Qxd5) 23. Bxf8 $14 Rxf8 24. Kg2 $1 Bc7 (24... Kb8 $14) 25. Rgf1 {Threatens to win with e5.} Qe7 26. e5 (26. Qxc4 $16 {Black must now prevent Rab1.} Kb8 27. Qe2) 26... Nd5 $11 27. Rxf8+ Qxf8 28. Rf1 $36 {[%mdl 2048] White has some pressure.} Nf4+ (28... Qe7 $1 $11 {keeps the balance.}) 29. Kh2 $16 Nxe2 30. Rxf8+ {[%mdl 4096] Endgame KRB-KBN} Kd7 (30... Bd8 $142) 31. Rf7+ Kd8 32. Rf3 (32. Rxg7 $16 c5 33. Rg8+ Ke7 34. dxc5 (34. Rc8 Kd7 $18)) 32... b5 ({Black should play} 32... c5 $1 $14) 33. Be4 (33. Kg2 $16) 33... Kd7 $2 {Loses the game.} (33... c5 $1 $11 {and Black is okay.}) 34. Kg2 $18 {[#] And now Kf1 would win.} a5 $2 (34... b4 35. cxb4 Nxd4) 35. Kf2 Nc1 36. Bb1 {Hoping for Rf7+.} b4 $2 (36... Bd8 37. Rf7+ Ke8 38. Rxg7 Bxh4+ 39. Kf3 Be1) 37. cxb4 axb4 38. Ke3 c3 $2 (38... b3) 39. Rf7+ Kd8 40. Rxg7 b3 41. axb3 Nxb3 42. Bc2 Na5 43. Kd3 {[#] g5 is the strong threat.} Bb6 44. g5 {White mates.} c5 45. gxh6 cxd4 46. h7 {Accuracy: White = 45%, Black = 26%.} 1-0

[Event "Stay Safe Play From Home 141"]
[Site "T#645952Emanuel Laske"]
[Date "2020.05.11"]
[Round "8"]
[White "Lazieri3"]
[Black "Patzeroglu"]
[Result "1-0"]
[WhiteElo "2112"]
[BlackElo "1797"]
[PlyCount "39"]
[EventDate "2020.05.11"]
[EventType "swiss (blitz)"]

1. e4 {[%emt 0:00:01]} c6 {[%emt 0:00:36]} 2. Nc3 {[%emt 0:00:00]} d6 {[%emt 0:00:01]} 3. d4 {[%emt 0:00:01]} e6 {[%emt 0:00:00]} 4. Nf3 {[%emt 0:00:01]} f6 {[%emt 0:00:00]} 5. d5 {[%emt 0:00:01]} g6 {[%emt 0:00:08]} 6. dxc6 {[%emt 0:00:08]} h6 {[%emt 0:00:00]} 7. cxb7 {[%emt 0:00:02]} a6 {[%emt 0:00:03]} 8. bxa8=Q {[%emt 0:00:02]} Kf7 {[%emt 0:00:00]} 9. Qxb8 {[%emt 0:00:02]} Qe7 {[%emt 0:00:00]} 10. Qxc8 {[%emt 0:00:03]} Kg7 {[%emt 0:00:00]} 11. Bd3 {[%emt 0:00:03]} Kh7 {[%emt 0:00:00]} 12. e5 {[%emt 0:00:01]} Qg7 {[%emt 0:00:00]} 13. Nh4 {[%emt 0:00:01]} Be7 {[%emt 0:00:01]} 14. Bxg6+ {[%emt 0:00:02]} Qxg6 {[%emt 0:00:01]} 15. Nxg6 {[%emt 0:00:00]} Kxg6 {[%emt 0:00:00]} 16. Qxe6 {[%emt 0:00:02]} dxe5 {[%emt 0:00:03]} 17. Ne4 {[%emt 0:00:02]} Bb4+ {[%emt 0:00:02]} 18. c3 {[%emt 0:00:01]} Ne7 {[%emt 0:00:00]} 19. Qdg4+ {[%emt 0:00:01]} Kh7 {[%emt 0:00:03]} 20. Qf7# {[%emt 0:00:02] (Lag: Av=1.10s, max=1.8s)} 1-0

[Event "Stay Safe Play From Home 141"]
[Site "T#645952Emanuel Laske"]
[Date "2020.05.11"]
[Round "8"]
[White "Edmatuag"]
[Black "Haris kollari 13"]
[Result "0-1"]
[WhiteElo "1749"]
[BlackElo "1894"]
[Annotator "NA"]
[PlyCount "102"]
[EventDate "2020.05.11"]
[EventType "swiss (blitz)"]

1. e4 {[%emt 0:00:01]} e6 {[%emt 0:00:01]} 2. d4 {[%emt 0:00:02]} d5 {[%emt 0:00:01]} 3. Nc3 {[%emt 0:00:02]} Nf6 {[%emt 0:00:01]} 4. e5 {[%emt 0:00:02]} Nfd7 {[%emt 0:00:01]} 5. f4 {[%emt 0:00:01]} c5 {[%emt 0:00:00]} 6. Nce2 {[%emt 0:00:01]} Nc6 {[%emt 0:00:00]} 7. c3 {[%emt 0:00:01]} a6 {[%emt 0:00:00]} 8. Nf3 {[%emt 0:00:01]} c4 {[%emt 0:00:02]} 9. Qc2 {[%emt 0:00:06]} b5 {[%emt 0:00:01]} 10. a3 {[%emt 0:00:02]} Nb6 {[%emt 0:00:01]} 11. Ng3 {[%emt 0:00:04]} Bd7 {[%emt 0:00:01]} 12. f5 {[%emt 0:00:02]} Qc7 {[%emt 0:00:03]} 13. fxe6 {[%emt 0:00:07]} Bxe6 {[%emt 0:00:02]} 14. Ng5 {[%emt 0:00:01]} Be7 {[%emt 0:00:01]} 15. Nxh7 {[%emt 0:00:03]} O-O-O {[%emt 0:00:06]} 16. Ng5 {[%emt 0:00:02]} a5 {[%emt 0:00:09]} 17. Nxe6 {[%emt 0:00:03]} fxe6 {[%emt 0:00:01]} 18. Be3 {[%emt 0:00:06]} Rdf8 {[%emt 0:00:05]} 19. Be2 {[%emt 0:00:05]} b4 {[%emt 0:00:02]} 20. Bf3 {[%emt 0:00:04]} Bh4 {[%emt 0:00:09]} 21. Bf2 {[%emt 0:00:03]} b3 {[%emt 0:00:06]} 22. Qg6 {[%emt 0:00:05]} Na4 {[%emt 0:00:02]} 23. Qxe6+ {[%emt 0:00:02]} Qd7 {[%emt 0:00:06]} 24. Qxd7+ {[%emt 0:00:02]} Kxd7 {[%emt 0:00:01]} 25. O-O-O {[%emt 0:00:01]} Ne7 {[%emt 0:00:04]} 26. Rdf1 {[%emt 0:00:08]} Kc6 {[%emt 0:00:01]} 27. Ne2 {[%emt 0:00:06]} Bg5+ {[%emt 0:00:02]} 28. Kb1 {[%emt 0:00:01]} Nf5 {[%emt 0:00:08]} 29. g3 {[%emt 0:00:06]} Bd2 {[%emt 0:00:14]} 30. Bg2 {[%emt 0:00:03]} Be3 {[%emt 0:00:03]} 31. Nf4 {[%emt 0:00:04]} Bxf2 {[%emt 0:00:04]} 32. Bxd5+ {[%emt 0:00:04]} Kb5 {[%emt 0:00:04]} 33. Rxf2 {[%emt 0:00:01]} Ne3 {[%emt 0:00:01]} 34. Be4 {[%emt 0:00:03]} g5 {[%emt 0:00:01]} 35. Nh3 {[%emt 0:00:03]} Rfg8 {[%emt 0:00:09]} 36. Ng1 {[%emt 0:00:11]} Ng4 {[%emt 0:00:04]} 37. Re2 {[%emt 0:00:14]} Rf8 {[%emt 0:00:02]} 38. Nf3 {[%emt 0:00:03]} Rhg8 {[%emt 0:00:09]} 39. h3 {[%emt 0:00:17]} Nh6 {[%emt 0:00:02]} 40. g4 {[%emt 0:00:02]} Rf4 {[%emt 0:00:05]} 41. Nd2 {[%emt 0:00:10]} Rgf8 {[%emt 0:00:01]} 42. Rhe1 {[%emt 0:00:04]} Nf7 {[%emt 0:00:10]} 43. Bd5 {[%emt 0:00:00]} Nb6 {[%emt 0:00:12]} 44. Bxf7 {[%emt 0:00:01]} R8xf7 {[%emt 0:00:01]} 45. e6 {[%emt 0:00:00]} Re7 {[%emt 0:00:01]} 46. Nf1 {[%emt 0:00:03]} Nd5 {[%emt 0:00:02]} 47. Re5 {[%emt 0:00:01]} Kc6 {[%emt 0:00:01]} 48. Ne3 {[%emt 0:00:01]} Nxe3 {[%emt 0:00:11]} 49. R5xe3 {[%emt 0:00:00]} Rf2 {[%emt 0:00:02]} 50. Re5 {[%emt 0:00:01]} a4 {[%emt 0:00:01]} 51. Rc5+ {[%emt 0:00:02]} Kd6 {[%emt 0:00:00] Time (Lag: Av=0.52s, max=1.1s)} 0-1

[Event "Stay Safe Play From Home 141"]
[Site "T#645952Emanuel Laske"]
[Date "2020.05.11"]
[Round "8"]
[White "matanant"]
[Black "Lucknow"]
[Result "0-1"]
[WhiteElo "1592"]
[BlackElo "1820"]
[Annotator "NA"]
[PlyCount "84"]
[EventDate "2020.05.11"]
[EventType "swiss (blitz)"]

1. b3 {[%emt 0:01:32]} Nf6 {[%emt 0:00:09]} 2. Bb2 {[%emt 0:00:02]} g6 {[%emt 0:00:01]} 3. e4 {[%emt 0:00:01]} d6 {[%emt 0:00:12]} 4. f4 {[%emt 0:00:00]} Bg7 {[%emt 0:00:03]} 5. Nf3 {[%emt 0:00:05]} c5 {[%emt 0:00:02]} 6. c4 {[%emt 0:00:06]} O-O {[%emt 0:00:02]} 7. e5 {[%emt 0:00:01]} dxe5 {[%emt 0:00:07]} 8. fxe5 {[%emt 0:00:01]} Ng4 {[%emt 0:00:08]} 9. h3 {[%emt 0:00:02]} Nh6 {[%emt 0:00:05]} 10. d4 {[%emt 0:00:02]} cxd4 {[%emt 0:00:03]} 11. Qxd4 {[%emt 0:00:01]} Nc6 {[%emt 0:00:03]} 12. Qc3 {[%emt 0:00:06]} Nf5 {[%emt 0:00:12]} 13. g4 {[%emt 0:00:05]} Ng3 {[%emt 0:00:01]} 14. Rg1 {[%emt 0:00:01]} Nxf1 {[%emt 0:00:08]} 15. Rxf1 {[%emt 0:00:01]} f6 {[%emt 0:00:12]} 16. Nbd2 {[%emt 0:00:12]} fxe5 {[%emt 0:00:05]} 17. O-O-O {[%emt 0:00:03]} Nd4 {[%emt 0:00:04]} 18. Qe3 {[%emt 0:00:07]} Qc7 {[%emt 0:00:19]} 19. Ne4 {[%emt 0:00:02]} Nxf3 {[%emt 0:00:09]} 20. Rxf3 {[%emt 0:00:02]} Rxf3 {[%emt 0:00:05]} 21. Qxf3 {[%emt 0:00:01]} Be6 {[%emt 0:00:01]} 22. Ng5 {[%emt 0:00:02]} Qb6 {[%emt 0:00:11]} 23. Qe4 {[%emt 0:00:09]} Rf8 {[%emt 0:00:02]} 24. Bxe5 {[%emt 0:00:03]} Bxe5 {[%emt 0:00:03]} 25. Qxe5 {[%emt 0:00:01]} Bf7 {[%emt 0:00:01]} 26. Qxe7 {[%emt 0:00:02]} Qf2 {[%emt 0:00:06]} 27. Rd7 {[%emt 0:00:01]} Qf4+ {[%emt 0:00:02]} 28. Kb1 {[%emt 0:00:02]} h6 {[%emt 0:00:02]} 29. Rxb7 {[%emt 0:00:00]} hxg5 {[%emt 0:00:02]} 30. Rxa7 {[%emt 0:00:02]} Qf1+ {[%emt 0:00:03]} 31. Kb2 {[%emt 0:00:00]} Qf2+ {[%emt 0:00:01]} 32. Ka3 {[%emt 0:00:00]} Qf4 {[%emt 0:00:02]} 33. Rd7 {[%emt 0:00:00]} Kg7 {[%emt 0:00:01]} 34. Rd8 {[%emt 0:00:01]} Qf6 {[%emt 0:00:00]} 35. Qxf6+ {[%emt 0:00:01]} Kxf6 {[%emt 0:00:01]} 36. Rd7 {[%emt 0:00:00]} Ke6 {[%emt 0:00:01]} 37. Rb7 {[%emt 0:00:00]} Ke5 {[%emt 0:00:01]} 38. Kb4 {[%emt 0:00:00] .} Kf4 {[%emt 0:00:00]} 39. c5 {[%emt 0:00:00]} Kg3 {[%emt 0:00:02]} 40. Kb5 {[%emt 0:00:00]} Be6 {[%emt 0:00:01]} 41. Kb6 {[%emt 0:00:00]} Bd5 {[%emt 0:00:01]} 42. c6 {[%emt 0:00:00]} Bxc6 {[%emt 0:00:01] Time (Lag: Av=0.71s, max=6.0s)} 0-1

[Event "Stay Safe Play From Home 141"]
[Site "T#645952Emanuel Laske"]
[Date "2020.05.11"]
[Round "9"]
[White "Lamborghini"]
[Black "Edmatuag"]
[Result "1-0"]
[WhiteElo "2230"]
[BlackElo "1739"]
[Annotator "TA"]
[PlyCount "83"]
[EventDate "2020.05.11"]
[EventType "swiss (blitz)"]

{[%evp 11,83,16,29,-1,8,3,20,35,25,51,100,81,109,95,110,85,91,56,61,59,54,0,83,23,22,24,56,56,62,52,104,104,111,104,105,97,163,169,285,187,167,184,388,187,553,542,477,237,229,229,576,560,1638,1597,2141,1968,2466,2143,2164,2358,29984,29982,29982,29979,29979,29980,29980,29979,29980,29979,29973,29969,3025,2613]} 1. e4 c5 2. Nf3 d6 3. d4 cxd4 4. Nxd4 Nf6 5. Nc3 a6 6. Bg5 Nbd7 7. Qd3 {B94: Sicilian Najdorf: 6 Bg5 Nbd7.} Qa5 8. f4 h6 9. Bxf6 {The position is equal.} Nxf6 {[#]} 10. O-O-O $146 ({Predecessor:} 10. f5 b5 11. O-O-O b4 12. Qc4 Bb7 13. Nc6 Qc5 14. Qxc5 dxc5 15. Nb5 axb5 16. Bxb5 {1-0 (37) Pijpers,A (2480)-De Boer,E (2324) Wijk aan Zee 2020}) 10... Bg4 11. Be2 {And now Bxg4 would win.} Bxe2 12. Qxe2 e5 13. Nb3 (13. Nf5 {feels hotter.} O-O-O 14. Rhf1 exf4 15. Rxf4 Qe5 16. g3) 13... Qc7 14. Nd5 Nxd5 15. exd5 Be7 16. h4 (16. Rhe1 $14) 16... O-O-O (16... exf4 $11 {keeps the balance.} 17. Rde1 Kf8) 17. f5 ({White should play} 17. Rh3 $16 {Strongly threatening Rc3.} Kb8 18. fxe5) 17... h5 18. Nd2 Bf6 19. Ne4 Kb8 20. Rh3 Qe7 {White now steadily converts the win.} (20... Qd7 $14) 21. Rb3 $16 {aiming for Qxa6.} Ka8 22. g3 Qc7 23. Rdd3 Rc8 (23... Rd7 $16) 24. Rdc3 $18 Qb8 (24... Qd7 {is a better defense.}) 25. Rxc8 Rxc8 26. Qxh5 Qc7 $2 (26... Qa7 {was necessary.} 27. Nxd6 Rd8) 27. Qe2 (27. Rc3 $142 Qd7 28. Rxc8+ Qxc8 29. Qxf7) 27... Qc4 $2 (27... Be7 28. Rc3 Qd8) 28. Qxc4 Rxc4 {[%mdl 4096] Endgame KRB-KRN} 29. Re3 (29. Nxf6 $142 gxf6 30. Rb6) 29... Be7 30. b3 Rb4 $2 (30... Rd4 31. Nc3 g6) 31. c4 Rb5 32. cxb5 axb5 33. h5 f6 34. g4 Kb8 {[#]} 35. g5 $1 Kc7 (35... fxg5 36. f6) 36. g6 Bf8 37. Nxf6 gxf6 {[#]} 38. g7 $1 Bxg7 39. Rg3 Bh6+ 40. Kc2 Kb6 41. Rg6 {[%mdl 64] Double Attack} Bf4 42. Rxf6 {Accuracy: White = 58%, Black = 37%.} 1-0